000 01164nam a22003250a 4500
001 PT25211
003 AR-LpoUNG
005 20210131233207.0
008 191001s2004||||sp |||||||||||||||||spa d
020 _a8478273557
_c$26.28
040 _aAR-LpoUNG
_bspa
_cAR-LpoUNG
_eaacr
041 _aspa
044 _asp
082 0 _a372.044 7 491act
100 1 _aGiménez, Joaquim
_ecoor.
245 1 3 _aLa actividad matemática en el aula :
_bhomenaje a Paulo Abrantes
250 _a1§ edición
260 _aBarcelona :
_bGraó,
_c2004.
300 _a176 p. :
_bil., tbls.
520 _aTrata distintos aspectos que recuerdan el trabajo de Paulo Abrantes, donde se habla de la clase, del profesorado, del alumnado de distintas edades resolviendo problemas y haciendo matemáticas, con el fin de desarrollar un trabajo matemático constructivo y realista en el aula.
650 4 _aENSEÑANZA
650 4 _aMATEMATICAS
650 4 _aPERSONAL DOCENTE
650 4 _aPRACTICA PEDAGOGICA
651 4 _aDOCUMENTOS TEORICOS O METODOLOGICOS
700 1 _aPonte, João Pedro da
_ecoor.
700 1 _aSantos, Leonor
_ecoor.
905 _a25211
942 _cLIB
999 _c19631
_d19631